000
00207nam a2200085Ia 4500
008
120527s9999 xx 000 0 und d
100
_a
Ross, et a l
245
_a
Funadamentals of Corporate finance
942
_c
BK
999
_c
27020
_d
27020